Capitales contenant la lettre S - Statistiques

Statistiques générales
  • Ce quiz a été pris 955 fois
    472 depuis la dernière actualisation
  • Le résultat moyen est 44 sur 67
Statistiques - réponses
Afrique % Correct
Lisbonne
92%
Paris
91%
Londres
89%
Moscou
87%
Stockholm
86%
Washington
86%
Amsterdam
85%
Brasilia
85%
Budapest
85%
Oslo
85%
Bruxelles
84%
Bucarest
83%
Buenos Aires
82%
Athènes
81%
Helsinki
80%
Tunis
79%
Varsovie
79%
Bratislava
78%
Santiago
78%
Vilnius
77%
Singapour
75%
Sofia
75%
Minsk
74%
Sarajevo
74%
Saint-Marin
73%
Jérusalem
71%
San Salvador
71%
Séoul
71%
Caracas
68%
Damas
66%
Kinshasa
66%
Chisinau
65%
Kingston
65%
Kingstown
65%
Skopje
65%
Asuncion
64%
San José
64%
Pristina
63%
Addis-Abeba
62%
Astana
61%
Islamabad
61%
Tbilissi
60%
Suva
59%
Nicosie
58%
Saint-Domingue
58%
São Tomé
58%
Sanaa
57%
Saint John's
56%
Mascate
55%
Port Moresby
55%
Asmara
54%
Yamoussoukro
54%
Mogadiscio
53%
Saint-Georges
53%
Lusaka
52%
Nassau
52%
Port-Louis
52%
Bissau
51%
Port-d'Espagne
51%
Roseau
49%
Castries
48%
Basseterre
47%
Maseru
46%
Bandar Seri Begawan
40%
Sri Jayawardenapura Kotte
33%
Tarawa-Sud
30%
Nusantara
18%
Aucun quiz correspondant
Distribution des résultats
% des personnes avec chaque résultat
Percentile par nombre de réponses
Votre historique - résultats
Vous n’avez pas pris ce quiz depuis la dernière actualisation